000 00584nam a22002177a 4500
003 UA-OsUOA
001 63789
007 ta
008 20091019b un ||||| |||| 00| 0 ukr d
100 _aСохацька Є.
090 _a82
_bС68
942 _cSA
040 _aUA-OsUOA
_bukr
_cUA-OsUOA
_dUA-OsUOA
245 _aМихайло Драй-Хмара та українська національна ідея
300 _aС.8
955 _a0
041 _aukr
080 _a82
773 0 _w63788
650 7 _a82 Література. Літературознавство
_2UDC
999 _c349848
_d349848